<?xml version="1.0" encoding="UTF-8"?>
<record
    xmlns:xsi="http://www.w3.org/2001/XMLSchema-instance"
    xsi:schemaLocation="http://www.loc.gov/MARC21/slim http://www.loc.gov/standards/marcxml/schema/MARC21slim.xsd"
    xmlns="http://www.loc.gov/MARC21/slim">

  <leader>01022nam a22002777a 4500</leader>
  <controlfield tag="001">6434</controlfield>
  <controlfield tag="003">FISKH</controlfield>
  <controlfield tag="005">20250826090615.0</controlfield>
  <controlfield tag="008">250430b        cb ||||| |||| 00| 0 eng d</controlfield>
  <datafield tag="020" ind1=" " ind2=" ">
    <subfield code="a">9789814281317</subfield>
  </datafield>
  <datafield tag="040" ind1=" " ind2=" ">
    <subfield code="a">FISKH</subfield>
    <subfield code="b">eng</subfield>
    <subfield code="c">FISKH</subfield>
    <subfield code="d">FISKH</subfield>
  </datafield>
  <datafield tag="050" ind1=" " ind2=" ">
    <subfield code="a">PE1119</subfield>
  </datafield>
  <datafield tag="082" ind1=" " ind2=" ">
    <subfield code="a">428.6 </subfield>
  </datafield>
  <datafield tag="100" ind1=" " ind2=" ">
    <subfield code="a">Smith, Annett</subfield>
  </datafield>
  <datafield tag="245" ind1=" " ind2=" ">
    <subfield code="a">Dick whittington / </subfield>
    <subfield code="c">Retold by Annett Smith ; Illustrated by Elise Fowler </subfield>
  </datafield>
  <datafield tag="260" ind1=" " ind2=" ">
    <subfield code="a">Nelson Price : </subfield>
    <subfield code="b">Milburn, </subfield>
    <subfield code="c">2000. </subfield>
  </datafield>
  <datafield tag="300" ind1=" " ind2=" ">
    <subfield code="a">32 pages : </subfield>
    <subfield code="b">color illustrations ; </subfield>
    <subfield code="c">21 cm </subfield>
  </datafield>
  <datafield tag="505" ind1=" " ind2=" ">
    <subfield code="a">K
</subfield>
  </datafield>
  <datafield tag="520" ind1=" " ind2=" ">
    <subfield code="a">Designed for children learning to read, this book retells Dick Whittington in lively, natural language to help children develop the confidence to read alone. Level Four is suitable for children who are ready to read longer stories with a wider vocabulary.</subfield>
  </datafield>
  <datafield tag="521" ind1="8" ind2=" ">
    <subfield code="a">510 
</subfield>
    <subfield code="b">Lexile adjusted
</subfield>
  </datafield>
  <datafield tag="521" ind1="8" ind2=" ">
    <subfield code="a">K
</subfield>
    <subfield code="b">Raz-Plus
</subfield>
  </datafield>
  <datafield tag="650" ind1=" " ind2=" ">
    <subfield code="a">Ladybird</subfield>
    <subfield code="v">English History </subfield>
  </datafield>
  <datafield tag="700" ind1=" " ind2=" ">
    <subfield code="a">Fowler, Elise </subfield>
    <subfield code="e">illustrator </subfield>
  </datafield>
  <datafield tag="942" ind1=" " ind2=" ">
    <subfield code="2">ddc</subfield>
    <subfield code="c">BK</subfield>
    <subfield code="n">0</subfield>
  </datafield>
  <datafield tag="999" ind1=" " ind2=" ">
    <subfield code="c">6434</subfield>
    <subfield code="d">6434</subfield>
  </datafield>
  <datafield tag="952" ind1=" " ind2=" ">
    <subfield code="0">0</subfield>
    <subfield code="1">0</subfield>
    <subfield code="2">ddc</subfield>
    <subfield code="4">0</subfield>
    <subfield code="7">0</subfield>
    <subfield code="8">JUVF</subfield>
    <subfield code="a">001</subfield>
    <subfield code="b">001</subfield>
    <subfield code="c">TK Yellow</subfield>
    <subfield code="d">2025-04-30</subfield>
    <subfield code="l">0</subfield>
    <subfield code="o">SMI 428.6 PE1119 </subfield>
    <subfield code="p">FISTK04104</subfield>
    <subfield code="r">2025-04-30 11:54:40</subfield>
    <subfield code="t">1</subfield>
    <subfield code="w">2025-04-30</subfield>
    <subfield code="y">BK</subfield>
  </datafield>
  <datafield tag="952" ind1=" " ind2=" ">
    <subfield code="0">0</subfield>
    <subfield code="1">0</subfield>
    <subfield code="2">ddc</subfield>
    <subfield code="4">0</subfield>
    <subfield code="7">0</subfield>
    <subfield code="8">JUVF</subfield>
    <subfield code="a">002</subfield>
    <subfield code="b">002</subfield>
    <subfield code="c">TTP Yellow </subfield>
    <subfield code="d">2025-05-13</subfield>
    <subfield code="l">0</subfield>
    <subfield code="o">SMI 428.6 PE1119 </subfield>
    <subfield code="p">2025-1291</subfield>
    <subfield code="r">2025-05-13 09:25:46</subfield>
    <subfield code="t">2</subfield>
    <subfield code="w">2025-05-13</subfield>
    <subfield code="y">BK</subfield>
  </datafield>
  <datafield tag="952" ind1=" " ind2=" ">
    <subfield code="0">0</subfield>
    <subfield code="1">0</subfield>
    <subfield code="2">ddc</subfield>
    <subfield code="4">0</subfield>
    <subfield code="7">0</subfield>
    <subfield code="8">JUVF</subfield>
    <subfield code="a">002</subfield>
    <subfield code="b">002</subfield>
    <subfield code="c">TTP Yellow </subfield>
    <subfield code="d">2025-06-23</subfield>
    <subfield code="l">0</subfield>
    <subfield code="o">SMI 428.6 PE1119 </subfield>
    <subfield code="p">FIS02354</subfield>
    <subfield code="r">2025-06-23 09:42:52</subfield>
    <subfield code="t">3</subfield>
    <subfield code="w">2025-06-23</subfield>
    <subfield code="y">BK</subfield>
  </datafield>
  <datafield tag="952" ind1=" " ind2=" ">
    <subfield code="0">0</subfield>
    <subfield code="1">0</subfield>
    <subfield code="2">ddc</subfield>
    <subfield code="4">0</subfield>
    <subfield code="7">0</subfield>
    <subfield code="8">JUVF</subfield>
    <subfield code="a">002</subfield>
    <subfield code="b">002</subfield>
    <subfield code="c">TTP Yellow </subfield>
    <subfield code="d">2025-06-23</subfield>
    <subfield code="l">0</subfield>
    <subfield code="o">SMI 428.6 PE1119 </subfield>
    <subfield code="p">FIS04879</subfield>
    <subfield code="r">2025-06-23 09:43:10</subfield>
    <subfield code="t">4</subfield>
    <subfield code="w">2025-06-23</subfield>
    <subfield code="y">BK</subfield>
  </datafield>
  <datafield tag="952" ind1=" " ind2=" ">
    <subfield code="0">0</subfield>
    <subfield code="1">0</subfield>
    <subfield code="2">ddc</subfield>
    <subfield code="4">0</subfield>
    <subfield code="7">0</subfield>
    <subfield code="8">JUVF</subfield>
    <subfield code="a">002</subfield>
    <subfield code="b">002</subfield>
    <subfield code="c">TTP Yellow </subfield>
    <subfield code="d">2025-06-23</subfield>
    <subfield code="l">0</subfield>
    <subfield code="o">SMI 428.6 PE1119 </subfield>
    <subfield code="p">FIS02219</subfield>
    <subfield code="r">2025-06-23 09:45:03</subfield>
    <subfield code="t">5</subfield>
    <subfield code="w">2025-06-23</subfield>
    <subfield code="y">BK</subfield>
  </datafield>
  <datafield tag="952" ind1=" " ind2=" ">
    <subfield code="0">0</subfield>
    <subfield code="1">0</subfield>
    <subfield code="2">ddc</subfield>
    <subfield code="4">0</subfield>
    <subfield code="7">0</subfield>
    <subfield code="8">JUVF</subfield>
    <subfield code="a">002</subfield>
    <subfield code="b">002</subfield>
    <subfield code="c">TTP Yellow </subfield>
    <subfield code="d">2025-08-14</subfield>
    <subfield code="l">0</subfield>
    <subfield code="o">SMI 428.6 PE1119 </subfield>
    <subfield code="p">FISTK00922</subfield>
    <subfield code="r">2025-08-14 14:51:26</subfield>
    <subfield code="t">6</subfield>
    <subfield code="w">2025-08-14</subfield>
    <subfield code="y">BK</subfield>
  </datafield>
  <datafield tag="952" ind1=" " ind2=" ">
    <subfield code="0">0</subfield>
    <subfield code="1">0</subfield>
    <subfield code="2">ddc</subfield>
    <subfield code="4">0</subfield>
    <subfield code="7">0</subfield>
    <subfield code="8">JUVF</subfield>
    <subfield code="a">002</subfield>
    <subfield code="b">002</subfield>
    <subfield code="c">TTP Yellow </subfield>
    <subfield code="d">2025-08-21</subfield>
    <subfield code="l">0</subfield>
    <subfield code="o">SMI 428.6 PE1119 </subfield>
    <subfield code="p">FISTK04103</subfield>
    <subfield code="r">2025-08-21 13:26:32</subfield>
    <subfield code="t">7</subfield>
    <subfield code="w">2025-08-21</subfield>
    <subfield code="y">BK</subfield>
  </datafield>
  <datafield tag="952" ind1=" " ind2=" ">
    <subfield code="0">0</subfield>
    <subfield code="1">0</subfield>
    <subfield code="2">ddc</subfield>
    <subfield code="4">0</subfield>
    <subfield code="7">0</subfield>
    <subfield code="8">JUVF</subfield>
    <subfield code="a">002</subfield>
    <subfield code="b">002</subfield>
    <subfield code="c">TTP Yellow </subfield>
    <subfield code="d">2025-08-21</subfield>
    <subfield code="l">0</subfield>
    <subfield code="o">SMI 428.6 PE1119 </subfield>
    <subfield code="p">FISTK00921</subfield>
    <subfield code="r">2025-08-21 14:25:27</subfield>
    <subfield code="t">8</subfield>
    <subfield code="w">2025-08-21</subfield>
    <subfield code="y">BK</subfield>
  </datafield>
  <datafield tag="952" ind1=" " ind2=" ">
    <subfield code="0">0</subfield>
    <subfield code="1">0</subfield>
    <subfield code="2">ddc</subfield>
    <subfield code="4">0</subfield>
    <subfield code="7">0</subfield>
    <subfield code="8">JUVF</subfield>
    <subfield code="a">002</subfield>
    <subfield code="b">002</subfield>
    <subfield code="c">TTP Yellow </subfield>
    <subfield code="d">2025-08-26</subfield>
    <subfield code="l">0</subfield>
    <subfield code="o">SMI 428.6 PE1119 </subfield>
    <subfield code="p">FIS02337</subfield>
    <subfield code="r">2025-08-26 09:06:12</subfield>
    <subfield code="t">9</subfield>
    <subfield code="w">2025-08-26</subfield>
    <subfield code="y">BK</subfield>
  </datafield>
</record>
